Statistics for Storm's Georgraphy Quiz #1

Click here to take the quiz!

General Stats

  • This quiz has been taken 250 times
  • The average score is 12 of 15

Answer Stats

HintAnswer% Correct
Is New Zealand a countryYes
98%
Is Kenya a stateNo
97%
Which country is Baghdad the capital ofIraq
96%
Name the first US state alphabeticallyAlabama
94%
If you start in the US state of Montana then go north, what country do you end up inCanada
92%
What country is the state of connecticut inUSA
92%
What country surrounds the country of LesothoSouth Africa
89%
In which country is the city of Adelaide locatedAustralia
87%
Name one Australian State or TerritoryAustralian Capital Territory
87%
Which country is Islamabad the capital ofPakistan
84%
Where are the 'Highlands' locatedScotland
79%
How many countries are there in the world195
61%
What is the capital of the country AzerbaijanBaku
61%
What is the capital of GuatemalaGuatemala City
59%
What river separates North America from South AmericaAmazon River
36%

Score Distribution

Percentile by Number Answered

Percent of People with Each Score

Your Score History

You have not taken this quiz